Пропуск в контексте

Промышленная политика России: политэкономические и региональные аспекты: Монография

В монографии с позиций политэкономических аспектов исследуется характер и траектория развития промышленной политики России в условиях неблагоприятной внешнеэкономической конъюнктуры (санкции) и внутренних проблем (экономический кризис исчерпание возможностей сырьевого роста концентрация промышленнос...

Fuld beskrivelse

Сохранить в:
Bibliografiske detaljer
Hovedforfatter: Осипов В.С
Format: Монография
Udgivelse:1
Online adgang:https://znanium.com/catalog/document?id=242818
https://znanium.com/cover/0556/556022.jpg
Tags: Tilføj Tag
Ingen Tags, Vær først til at tagge denne postø!
LEADER 04713nam0a2200409 i 4500
001 RU\infra-m\znanium\bibl\556022
003 https://znanium.com/catalog/document?id=242818
005 20230605000000.0
010 |a 978-5-9558-0511-5 
010 |a 978-5-16-104920-4  |b электр. издание 
010 |a 978-5-16-012129-1  |b ISBN соиздателя 
100 |a 20230605d2016 m y0rusy0150 ca 
101 0 |a rus 
102 |a RU 
200 1 |a Промышленная политика России: политэкономические и региональные аспекты:  |e Монография  |f Московский государственный университет им. М.В. Ломоносова  |g Российская академия народного хозяйства и государственной службы при Президенте РФ  |g Российский экономический университет им. Г.В. Плеханова 
205 |a 1 
210 1 |a Москва  |c Вузовский учебник  |d 2016 
215 |a 222 с. 
330 |a В монографии с позиций политэкономических аспектов исследуется характер и траектория развития промышленной политики России в условиях неблагоприятной внешнеэкономической конъюнктуры (санкции) и внутренних проблем (экономический кризис исчерпание возможностей сырьевого роста концентрация промышленности в европейской зоне России). Достижению данной цели способствует предметное раскрытие политэкономических и региональных аспектов: уточнение политэкономического содержания институционального поля территории опережающего развития; выявление реперных точек экономического развития в условиях санкций; формулирование критериев для отнесения территорий к территориям опережающего развития; разработка механизмов экономического развития таких территорий; определение закономерностей формирования территорий опережающего развития в контексте обеспечения экономического роста. 
333 |a ВО - Магистратура 
606 |a Экономика. Бухгалтерский учет. Финансы  |x Экономика России  |2 local 
608 |a Монография  |2 local 
675 |a 338.22(075.8)  |z rus 
686 |a 65.05  |2 rubbk 
686 |a 38.03.01  |2 okso 
686 |a 38.04.01  |2 okso 
686 |a 41.04.02  |2 okso 
700 1 |a Осипов  |b В.С.  |g Владимир Сергеевич  |p Московский государственный университет им. М.В. Ломоносова 
701 1 |a Евсеев  |b В.О.  |g Вадим Олегович  |p Российская академия народного хозяйства и государственной службы при Президенте РФ 
701 1 |a Невская  |b Н.А.  |g Наталья Александровна  |p Российский экономический университет им. Г.В. Плеханова 
701 1 |a Скрыль  |b Т.В.  |g Татьяна Владимировна  |p Российский экономический университет им. Г.В. Плеханова 
701 1 |a Шавина  |b Е.В.  |g Евгения Викторовна  |p Российский экономический университет им. Г.В. Плеханова 
712 0 2 |a Российская академия народного хозяйства и государственной службы при Президенте РФ 
712 0 2 |a Российский экономический университет им. Г.В. Плеханова 
801 0 |a RU  |b Общество с ограниченной ответственностью «ЗНАНИУМ»  |c 20160415  |2 rusmarc 
856 4 |a znanium.com  |m ebs_support@infra-m.ru  |n НИЦ ИНФРА-М  |u https://znanium.com/catalog/document?id=242818 
856 4 1 |a znanium.com  |d /cover/0556  |f 556022.jpg  |q image/jpeg  |u https://znanium.com/cover/0556/556022.jpg